000
00242cam a22000857a 4500
008
180718b2005 xxu||||| |||| 00| 0 eng d
245
_a
Tibbat aur bharat
_c
edited by Vijay Kranti
260
_a
New Delhi
_b
Tibbat Desh
_c
2005
700
_a
Kranti, Vijay
999
_c
501874
_d
501874